| 000 | 00627cam a22002171 4500 | ||
|---|---|---|---|
| 001 | he 68000309 | ||
| 003 | DLC | ||
| 005 | 20260227111453.0 | ||
| 008 | 841219s1967 is 000 0 heb | ||
| 010 | _ahe 68000309 | ||
| 035 | _a(OCoLC)19195193 | ||
| 040 |
_aDLC _cMH _dDLC |
||
| 042 | _apremarc | ||
| 050 | 0 | 0 |
_aDS110.B35 _bV5 |
| 100 | 1 |
_aVilnay, Zev, _d1900- |
|
| 245 | 1 | 0 |
_aBeʼer-Shevaʻ : _bʻir avot u-vanim. |
| 260 |
_a[Jerusalem] : _bMiśrad ha-ḥinukh ṿeha-tarbut, ha-Maḥlaḳah le-noʻar, _c[1967] |
||
| 300 |
_a99 p. : _bill., maps ; _c22 cm. |
||
| 651 | 0 | _aBeersheba (Israel) | |
| 752 |
_aIsrael _dJerusalem |
||
| 999 |
_c32881 _d32881 |
||